000 00910cam a2200265 4500
001 agr68000187
003 DLC
005 20260227111030.0
008 691103s1968 dcua 000 0 eng c
010 _aagr68000187
040 _aU.S. Nat'l Agr. Libr.
_cDLC
_dDLC
050 1 0 _aTX7
_b.U6 no. 68
070 0 _a1 Ag84Hg no. 68 1968
110 1 _aUnited States.
_bAgricultural Research Service.
245 1 0 _aHow to prevent and remove mildew;
_bhome methods.
250 _a[Slightly rev.
260 _aWashington,
_bU.S. Govt. Print. Off.,
_c1968]
300 _a14 p.
_billus.
_c24 cm.
490 1 _aUnited States. Dept. of Agriculture. Home and garden bulletin
_vno. 68
500 _aEarlier ed., with same title, by M. S. Furry.
650 0 _aMildew.
650 3 _aMildew.
700 1 _aFurry, Margaret Smith,
_d1899-
_tHow to prevent and remove mildew.
830 0 _aHome and garden bulletin ;
_vno. 68.
999 _c12493
_d12493